The Pakistan cauldron : (Record no. 15177)

000 -LEADER
fixed length control field 01307cam a2200349 a 4500
001 - CONTROL NUMBER
control field 16721822
005 - DATE AND TIME OF LATEST TRANSACTION
control field 20170105102912.0
008 - FIXED-LENGTH DATA ELEMENTS--GENERAL INFORMATION
fixed length control field 110405s2011 dcuab b 001 0 eng
010 ## - LIBRARY OF CONGRESS CONTROL NUMBER
LC control number 2011014001
020 ## - INTERNATIONAL STANDARD BOOK NUMBER
International Standard Book Number 9781597979825 (hardcover : acidfree paper)
020 ## - INTERNATIONAL STANDARD BOOK NUMBER
International Standard Book Number 9781597979832 (electronic edition)
040 ## - CATALOGING SOURCE
Original cataloging agency DLC
Transcribing agency DLC
Modifying agency DLC
042 ## - AUTHENTICATION CODE
Authentication code pcc
043 ## - GEOGRAPHIC AREA CODE
Geographic area code a-pk---
050 00 - LIBRARY OF CONGRESS CALL NUMBER
Classification number JA85.2.P3
Item number F37 2011
082 00 - DEWEY DECIMAL CLASSIFICATION NUMBER
Classification number 954.9105
Edition number 22
100 1# - MAIN ENTRY--PERSONAL NAME
Personal name Farwell, James P.
245 14 - TITLE STATEMENT
Title The Pakistan cauldron :
Remainder of title conspiracy, assassination & instability /
Statement of responsibility, etc. James P. Farwell ; foreword by Joseph D. Duffey.
250 ## - EDITION STATEMENT
Edition statement 1st ed.
260 ## - PUBLICATION, DISTRIBUTION, ETC.
Place of publication, distribution, etc. Washington, D.C. :
Name of publisher, distributor, etc. Potomac Books,
Date of publication, distribution, etc. c2011.
300 ## - PHYSICAL DESCRIPTION
Extent xx, 331 p. :
Other physical details ill., map ;
Dimensions 24 cm.
504 ## - BIBLIOGRAPHY, ETC. NOTE
Bibliography, etc. note Includes bibliographical references (p. 319-322) and index.
600 10 - SUBJECT ADDED ENTRY--PERSONAL NAME
Personal name Khan, A. Q.
Fuller form of name (Abdul Qadeer),
Dates associated with a name 1936-
600 10 - SUBJECT ADDED ENTRY--PERSONAL NAME
Personal name Bhutto, Benazir,
Dates associated with a name 1953-2007.
600 10 - SUBJECT ADDED ENTRY--PERSONAL NAME
Personal name Musharraf, Pervez.
650 #0 - SUBJECT ADDED ENTRY--TOPICAL TERM
Topical term or geographic name entry element Communication in politics
Geographic subdivision Pakistan.
650 #0 - SUBJECT ADDED ENTRY--TOPICAL TERM
Topical term or geographic name entry element Political leadership
Geographic subdivision Pakistan.
651 #0 - SUBJECT ADDED ENTRY--GEOGRAPHIC NAME
Geographic name Pakistan
General subdivision Politics and government
Chronological subdivision 1988-
906 ## - LOCAL DATA ELEMENT F, LDF (RLIN)
a 7
b cbc
c orignew
d 1
e ecip
f 20
g y-gencatlg
942 ## - ADDED ENTRY ELEMENTS (KOHA)
Source of classification or shelving scheme
Koha item type Book
Holdings
Withdrawn status Lost status Damaged status Not for loan Collection code Permanent Location Current Location Shelving location Date acquired Total Checkouts Full call number Barcode Date last seen Price effective from Koha item type
          Centre for International Peace & Stability (CIPS) Centre for International Peace & Stability (CIPS) General Stacks 09/30/2013   954.9105 FAR 2012 CIPS0001585 11/07/2013 11/07/2013 Book
© 2023 Central Library, National University of Sciences and Technology. All Rights Reserved.